Side-View Mirror Words Quiz Stats

Quiz Updated Mar 11, 2016

Challenge
Share
Tweet
Embed
Score 0/8 Timer 01:00
0 Plays Today
Header Warning Word % Correct
Words!Appear
97.1%
SafetyThan
96.3%
CarCloser
96.2%
WarningThey
94.9%
CarObjects
93.8%
Words!Are
91.6%
WarningMirror
88.9%
SafetyIn
88.6%

You're not logged in!

Compare scores with friends on all Sporcle quizzes.
Join for Free
OR
Log In

You Might Also Like...

Show Comments

Extras

Top Quizzes Today


Score Distribution

Your Account Isn't Verified!

In order to create a playlist on Sporcle, you need to verify the email address you used during registration. Go to your Sporcle Settings to finish the process.

Report this User

Report this user for behavior that violates our Community Guidelines.

Details: